• 首页
  • 本馆介绍
  • 公告通知
  • 最新文献
  • 馆藏检索
  • 电子资源
  • 读者导购
  • 参考咨询
  • 我的图书馆
  • 登录
  • 详细信息显示
  • 放入我的书架
  • 预约/预借图书
  • 作者相关作品
  • 分类相关作品
  • 丛书相关作品
  • 出版社相关作品

书目信息

  • 表格格式
  • 工作单格式
  • 卡片格式
题名:
高等代数
    
 
作者: 周伯壎 编
分册:  
出版信息: 北京   人民教育出版社  1966
页数: 361页
开本: 20cm
丛书名:
单 册:
中图分类: O15-42
科图分类:
主题词: 数论 , 组合数学 , 代数
电子资源:
ISBN:
000 00582nam0 2200229 450
001 0658471747
005 20070711104820.73
010    @dCNY1.10
100    @a20060426d1966 km y0chiy0120 ea
101 0  @achi
102    @aCN@b110000
200 1  @a高等代数@Agao deng dai shu@f周伯壎编@Fzhou bo xun bian
210    @a北京@c人民教育出版社@d1966
215 1  @a361页@d20cm
300    @a高等学校教学参考书
606 0  @a数论
606 0  @a组合数学
606 0  @a代数
690    @aO15-42@v3
701  0 @a周伯壎@Azhou bo xun@4编
801  0 @aCN@bPFT@c20070711
905    @a10447@dO15-42@e203
    
    高等代数/周伯壎编.-北京:人民教育出版社,1966
    361页;20cm
    高等学校教学参考书
    
    ISBN :CNY1.10
    
●
相关链接 在E读中查询图书 在五车中查询图书 在当当中查询图书 在豆瓣中查询图书


正题名:高等代数     索取号:O15-42/203         预约/预借

序号 登录号 条形码 馆藏地/架位号 状态 备注
1 0000118   202369016   密集书库/ [索取号:O15-42/203] 在馆    
2 0000119   202391624   密集书库/ [索取号:O15-42/203] 在馆    
3 0000121   202327124   密集书库/ [索取号:O15-42/203] 在馆    
4 0000122   202391679   密集书库/ [索取号:O15-42/203] 在馆    
5 0000123   202363094   密集书库/ [索取号:O15-42/203] 在馆    
6 0000124   202311462   密集书库/ [索取号:O15-42/203] 在馆    
7 0000125   202327133   密集书库/ [索取号:O15-42/203] 在馆    
8 0000126   202311471   密集书库/ [索取号:O15-42/203] 在馆    
9 0000127   202326991   密集书库/ [索取号:O15-42/203] 在馆    
10 0000129   202361130   密集书库/ [索取号:O15-42/203] 在馆    
11 0000130   202311701   密集书库/ [索取号:O15-42/203] 在馆    
12 0000131   202327017   密集书库/ [索取号:O15-42/203] 在馆    
13 0000135   202327099   密集书库/ [索取号:O15-42/203] 在馆    
14 0000136   202327008   密集书库/ [索取号:O15-42/203] 在馆    
15 0000137   202311505   密集书库/ [索取号:O15-42/203] 在馆    
16 0000138   202311710   密集书库/ [索取号:O15-42/203] 在馆    
17 0000139   202311676   密集书库/ [索取号:O15-42/203] 在馆    
18 0000140   202265280   密集书库/ [索取号:O15-42/203] 在馆    
19 0000141   202327053   密集书库/ [索取号:O15-42/203] 在馆    
20 0000142   202391580   密集书库/ [索取号:O15-42/203] 在馆    
21 0000143   202327044   密集书库/ [索取号:O15-42/203] 在馆    
22 0000144   202369043   密集书库/ [索取号:O15-42/203] 在馆    
23 0000145   202363085   密集书库/ [索取号:O15-42/203] 在馆    
24 0000146   202265039   密集书库/ [索取号:O15-42/203] 在馆    
25 0000147   202391633   密集书库/ [索取号:O15-42/203] 在馆    
26 0000148   202327080   密集书库/ [索取号:O15-42/203] 在馆    
27 0000150   202369052   密集书库/ [索取号:O15-42/203] 在馆    
28 0000420   000412299   第二样本阅览室/ [索取号:O15-42/203] 在馆    
29 0430535   204305359   密集书库/ [索取号:O15-42/203] 在馆    
30 0430536   204305368   密集书库/ [索取号:O15-42/203] 在馆    
31 0430537   204305377   密集书库/ [索取号:O15-42/203] 在馆    
32 0430707   204307071   密集书库/ [索取号:O15-42/203] 在馆    
33 0468383   204683832   密集书库/ [索取号:O15-42/203] 在馆    
34 0768203   207682033   密集书库/ [索取号:O15-42/203] 在馆    
唐山师范学院图书馆 欢迎您!
大连网信软件有限公司© 版权所有